• 首页
  • 本馆介绍
  • 公告通知
  • 最新文献
  • 馆藏检索
  • 电子资源
  • 读者导购
  • 参考咨询
  • 我的图书馆
  • 登录
  • 详细信息显示
  • 放入我的书架
  • 预约/预借图书
  • 作者相关作品
  • 分类相关作品
  • 丛书相关作品
  • 出版社相关作品

书目信息

  • 表格格式
  • 工作单格式
  • 卡片格式
题名:
甜蜜的事业
    
 
作者: 周民震 著
分册:  
出版信息: 北京   中国电影出版社  1980
页数: 83页
开本: 19cm
丛书名:
单 册:
中图分类: I235.17
科图分类:
主题词: 电影文学剧本--中国--现代
电子资源:
ISBN:
000 00618nam0 2200229 45
001 0180008341
005 20060820163250.93
010    @dCNY0.25
091    @aCN@b10061.326
100    @a19950414d1980 em y0chiy0121 ea
101 0  @achi
102    @aCN@b110000
105    @ay z 000by
200 10 @a甜蜜的事业@Atian mi de shi ye@e电影文学剧本@f周民震著
210    @a北京@c中国电影出版社@d1980
215    @a83页@d19cm
606    @a电影文学剧本@y中国@z现代
690    @aI235.17@v3
701  0 @a周民震@Azhou min zhen@4著
801  0 @aCN@bTSSF@c20060820
801  2 @aCN@bNLC@c20060802
905    @a10447@dI235.17@e137
    
    甜蜜的事业:电影文学剧本/周民震著.-北京:中国电影出版社,1980
    83页;19cm
    
    
    ISBN :CNY0.25
    
●
相关链接 在E读中查询图书 在五车中查询图书 在当当中查询图书 在豆瓣中查询图书


正题名:甜蜜的事业     索取号:I235.17/137         预约/预借

序号 登录号 条形码 馆藏地/架位号 状态 备注
1 0443432   204434326   密集书库/ [索取号:I235.17/137] 在馆    
2 0443433   204434335   密集书库/ [索取号:I235.17/137] 在馆    
3 0471573   204715736   密集书库/ [索取号:I235.17/137] 在馆    
唐山师范学院图书馆 欢迎您!
大连网信软件有限公司© 版权所有